000
00273 a2200097 4500
001
31592
100
_a
Khalid Mahmood
245
_a
Information Technology in Libraries: A Pakistan perspective v 42
260
_a
Lahore
_b
Pak Book corporation
_c
1998
090
_c
21442
_d
21442
942
_a
NUST-CAE
_c
M
_c
12717
999
_c
266665
_d
266665